Statistics for Germany Country Quiz

Click here to take the quiz!

General Stats

  • This quiz has been taken 114,672 times
    (77,414 since last reset)
  • The average score is 15 of 20

Answer Stats

ClueAnswer% Correct
Capital cityBerlin
100%
German word for GermanyDeutschland
93%
Munich beer festivalOktoberfest
89%
Financial capitalFrankfurt
85%
Munich is the capital of this stateBavaria
84%
Name of the German highway systemAutobahn
79%
Longest riversRhine
77%
Former currencyDeutsche Mark
75%
German word for sausageWurst
75%
German equivalent of Prime MinisterChancellor
74%
Brothers who collected fairy talesBrothers Grimm
73%
Animal that appears on the
coat of arms
Eagle
71%
National airlineLufthansa
71%
Longest riversDanube
69%
Capital of West Germany,
1949–1990
Bonn
66%
Top soccer leagueBundesliga
66%
German country ruled by
Frederick the Great
Prussia
64%
Largest non-German ethnic groupTurks
62%
Name of the German parliamentBundestag
58%
Longest riversElbe
42%

Score Distribution

Percentile by Number Answered

Percent of People with Each Score

Your Score History

You have not taken this quiz since the last reset